| 000 | 00446nam a2200169 a 4500 | ||
|---|---|---|---|
| 001 | 000046919 | ||
| 005 | 20201002053218.0 | ||
| 008 | 180406s2014 dr a 000 spa d | ||
| 020 | _a9789945175226 | ||
| 040 |
_aDO-SdBNP _bspa _cBNPHU |
||
| 082 |
_axxx _bM425 |
||
| 245 | 0 | _aMatemática 6 :. | |
| 260 |
_aSanto Domingo : _bSM, _c2014. |
||
| 300 |
_a223 p + CD : _bil. ; _c29 cm. |
||
| 490 | _aProyecto conecta | ||
| 590 | _aInventariado, 2018 / DG | ||
| 999 |
_c46407 _d46407 |
||